000 00249nam a2200109Ia 4500
008 200302s9999 xx 000 0 und d
100 _aM David Egan
245 _aArchitectural Acoustics
260 _bRoss Publishing
260 _c2008
300 _a411
999 _c6793
_d6793